Steel Structures (Record no. 4638)

MARC details
000 -LEADER
fixed length control field 00388nam a22001697a 4500
005 - DATE AND TIME OF LATEST TRANSACTION
control field 20160629122325.0
008 - FIXED-LENGTH DATA ELEMENTS--GENERAL INFORMATION
fixed length control field 160629b xxu||||| |||| 00| 0 eng d
020 ## - INTERNATIONAL STANDARD BOOK NUMBER
ISBN 978-93-5014-209-7
041 ## - LANGUAGE CODE
Language code of text/sound track or separate title eng
082 ## - DEWEY DECIMAL CLASSIFICATION NUMBER
Item number 12084
100 ## - MAIN ENTRY--AUTHOR NAME
Personal name Upadhyay,A.K
245 ## - TITLE STATEMENT
Title Steel Structures
260 ## - PUBLICATION, DISTRIBUTION, ETC. (IMPRINT)
Name of publisher Katson
Year of publication 2012
300 ## - PHYSICAL DESCRIPTION
Number of Pages 347
650 ## - SUBJECT ADDED ENTRY--TOPICAL TERM
Topical Term Diploma Engineering
942 ## - ADDED ENTRY ELEMENTS (KOHA)
Koha item type Books
Holdings
Lost status Damaged status Home library Current library Shelving location Date acquired Cost, normal purchase price Full call number Accession Number Koha item type
    JRU Library   SHELF-49-D 29/06/2016 195.00 12084 12084 Books
    JRU Library   SHELF-49-D 29/06/2016 195.00 12084 12085 Books
    JRU Library   SHELF-49-E 29/06/2016 195.00 12084 12086 Books
    JRU Library   SHELF-48-E 29/06/2016 195.00 12084 12087 Books
    JRU Library   SHELF-49-E 29/06/2016 195.00 12084 12088 Books
    JRU Library     29/06/2016 195.00 12084 12089 Books
    JRU Library   SHELF-49-D 29/06/2016 195.00 12084 12090 Books
    JRU Library   SHELF-49-E 29/06/2016 195.00 12084 12091 Books
    JRU Library   SHELF-49-D 29/06/2016 195.00 12084 12092 Books
    JRU Library     29/06/2016 195.00 12084 12093 Books
    JRU Library     29/06/2016 195.00 12084 12094 Books
    JRU Library     29/06/2016 195.00 12084 12095 Books
    JRU Library     29/06/2016 195.00 12084 12096 Books
    JRU Library     29/06/2016 195.00 12084 12097 Books
    JRU Library   SHELF-49-D 29/06/2016 195.00 12084 12098 Books
    JRU Library   SHELF-49-D 29/06/2016 195.00 12084 12099 Books
    JRU Library   SHELF-49-E 29/06/2016 195.00 12084 12100 Books
    JRU Library   SHELF-49-D 29/06/2016 195.00 12084 12101 Books
    JRU Library   SHELF-49-D 29/06/2016 195.00 12084 12102 Books
    JRU Library   SHELF-49-D 29/06/2016 195.00 12084 12103 Books
    JRU Library   SHELF-49-D 29/06/2016 195.00 12084 12104 Books
    JRU Library   SHELF-49-E 29/06/2016 195.00 12084 12105 Books
    JRU Library   SHELF-49-D 29/06/2016 195.00 12084 12106 Books
    JRU Library   SHELF-49-E 29/06/2016 195.00 12084 12107 Books
    JRU Library   SHELF-49-D 29/06/2016 195.00 12084 12108 Books
    JRU Library   SHELF-49-E 29/06/2016 195.00 12084 12109 Books
    JRU Library   SHELF-49-E 29/06/2016 195.00 12084 12110 Books
    JRU Library     29/06/2016 195.00 12084 12111 Books
    JRU Library   SHELF-49-D 29/06/2016 195.00 12084 12112 Books
    JRU Library   SHELF-49-E 29/06/2016 195.00 12084 12113 Books
    JRU Library   SHELF-49-D 29/06/2016 195.00 12084 12114 Books
    JRU Library   SHELF-49-E 29/06/2016 195.00 12084 12115 Books
    JRU Library   SHELF-49-D 29/06/2016 195.00 12084 12116 Books
    JRU Library   SHELF-49-D 29/06/2016 195.00 12084 12117 Books
    JRU Library   SHELF-49-D 29/06/2016 195.00 12084 12118 Books
    JRU Library   SHELF-49-D 29/06/2016 195.00 12084 12119 Books